[Event "Skakligaen 2021-22"]
[Site "Denmark"]
[Date "2022.03.20"]
[Round "9.6"]
[White "Jaksland, Tim"]
[Black "Pedersen, Nicolai Vesterbaek"]
[Result "1/2-1/2"]
[WhiteElo "2212"]
[BlackElo "2365"]
[PlyCount "76"]
[EventDate "2021.10.30"]
[EventType "team-tourn"]
[EventRounds "9"]
[EventCountry "DEN"]
[SourceTitle "Live"]
[WhiteTeam "Hillerod"]
[BlackTeam "Skanderborg"]

1. e4 e5 2. Nf3 Nc6 3. d4 exd4 4. Bc4 Nf6 5. e5 d5 6. Bb5 Ne4 7. Nxd4 Bd7 8.
Bxc6 bxc6 9. O-O Bc5 10. f3 Ng5 11. f4 Ne4 12. Be3 Bb6 13. Nd2 Nxd2 14. Qxd2 c5
15. Nf3 Bf5 16. Kh1 O-O 17. Rad1 c6 18. Bf2 Qe7 19. Bh4 Qe6 20. Bg3 f6 21. Rde1
Rae8 22. a3 Be4 23. exf6 Qxf6 24. c3 c4 25. Ng5 Bd3 26. Rxe8 Rxe8 27. Re1 Qg6
28. Bf2 c5 29. Rxe8+ Qxe8 30. Qe3 Qxe3 31. Bxe3 Bf5 32. Nf3 Kf7 33. Kg1 Ke6 34.
Kf2 h6 35. h3 Be4 36. g4 g6 37. Kg3 Kf6 38. Kf2 Ke6 1/2-1/2

[Event "Skakligaen 2021-22"]
[Site "Denmark"]
[Date "2022.03.20"]
[Round "9.7"]
[White "Rostgaard, Tobias Valentin"]
[Black "Ostergaard, Jens"]
[Result "1/2-1/2"]
[WhiteElo "2343"]
[BlackElo "2230"]
[PlyCount "108"]
[EventDate "2021.10.30"]
[EventType "team-tourn"]
[EventRounds "9"]
[EventCountry "DEN"]
[SourceTitle "Live"]
[WhiteTeam "Skanderborg"]
[BlackTeam "Hillerod"]

1. d4 Nf6 2. Nc3 d5 3. Bf4 e6 4. e3 a6 5. Nf3 c5 6. Be2 Nc6 7. O-O h6 8. h3 Bd6
9. dxc5 Bxc5 10. Bd3 Nb4 11. a3 Nxd3 12. cxd3 O-O 13. Rc1 Ba7 14. Qb3 Bb8 15.
Ne5 d4 16. Ne2 Nd5 17. Nc4 dxe3 18. fxe3 Nxf4 19. Nxf4 b5 20. Nd2 Ba7 21. Rce1
e5 22. Ng6 Be6 23. Qxe6 fxe6 24. Rxf8+ Qxf8 25. Nxf8 Rxf8 26. Nf3 Rc8 27. Kf2
Bb8 28. Re2 Rc1 29. Ne1 Ba7 30. Kf3 Kf7 31. Ke4 Bb8 32. Nf3 Rc5 33. Rf2 Ke7 34.
Nh4 Bd6 35. Ng6+ Ke8 36. g3 b4 37. axb4 Rb5 38. Rc2 Kf7 39. Nh4 Rxb4+ 40. Kf3
a5 41. e4 Rb5 42. Ng2 Rc5 43. Ne3 Rxc2 44. Nxc2 a4 45. Na3 Bc5 46. Nb5 Bb4 47.
Ke2 Kf6 48. Kd1 h5 49. Ke2 Ke7 50. d4 exd4 51. e5 g5 52. g4 hxg4 53. hxg4 Kd7
54. Nxd4 a3 1/2-1/2

[Event "Skakligaen 2021-22"]
[Site "Denmark"]
[Date "2022.03.20"]
[Round "9.8"]
[White "Nordenbaek, Jan"]
[Black "Brondt, Nicolai Kvist"]
[Result "1/2-1/2"]
[WhiteElo "2157"]
[BlackElo "2217"]
[PlyCount "25"]
[EventDate "2021.10.30"]
[EventType "team-tourn"]
[EventRounds "9"]
[EventCountry "DEN"]
[SourceTitle "Live"]
[WhiteTeam "Hillerod"]
[BlackTeam "Skanderborg"]

1. e4 c5 2. Nf3 e6 3. c3 d5 4. e5 d4 5. Bd3 Bd7 6. O-O Bc6 7. Re1 Ne7 8. b4
cxb4 9. cxb4 Ng6 10. b5 Bd5 11. Be4 Bc5 12. d3 a6 13. Ba3 1/2-1/2